000 01282nam a2200277 a 4500
003 BLK
005 20250729172614.0
008 190508b bu |||||r|||| 00| 0 bu d
020 _a9786190211587
040 _aBLK
041 _aBUL
_cBUL
080 _aИздания за деца и юноши. Книжки-картинки. Читанки. Вж и 372.4
_b087.5
_z087.5
100 _aКао, Мари
_9488043
245 _aВреме е за сън
_cМари Као ; ил. Youlie ; прев. Албена Шарбанова.
260 _9209486
_aСофия
_bКолибри
_c2023
_fСофия: Дедракс
300 _a[24] с.
_bс цв. ил.
_c17 x 17 см
380 _aDN
490 _9488044
_aРазказвам с жестове
500 _aОриг. загл.: C'est l'heure du dodo Юли - псевд. на фр. ил. Биогр. данни за авт. отбелязани на гърба на кор. Кн. от поредицата Разказвам с жестове.
700 _aШарбанова, Албена Василева
_9468423
852 _aЦб І 42471
_bЦб
856 _i0.00
_ldisable
942 _cKNG
_n0
_s1
_021
944 _aCR
_k30551
_c2023-07-04
_lБояна Костадинова
999 _c492260
_d492260